• 首页
  • 本馆介绍
  • 公告通知
  • 最新文献
  • 馆藏检索
  • 电子资源
  • 读者荐购
  • 参考咨询
  • CALIS
  • 我的图书馆
  • 登录
  • 详细信息显示
  • 放入我的书架
  • 预约/预借图书
  • 作者相关作品
  • 分类相关作品
  • 丛书相关作品
  • 出版社相关作品

书目信息

  • 表格格式
  • 工作单格式
  • 卡片格式
题名:
建筑电气
    
 
作者: 段春丽,黄仕元主编
分册:  
出版信息: 北京   机械工业出版社  2006.7
页数: 260页
开本: 26cm
丛书名:
单 册:
中图分类: TU85
科图分类:
主题词: 土木工程 , 房屋建筑设备:机电设备
电子资源:
ISBN: 978-7-111-19375-3
 
 
 
 
 
000 00733nam0 2200253 45
001 010433329276
005 20150424152407.79
010    @a978-7-111-19375-3@dCNY22.00
092    @aCN@b安徽儒林-X9-4-00316
100    @a20060908d2006 ekmy0 y0120 ea
102    @aCN@b110000
105    @ay z 000yy
200 1  @a建筑电气@f段春丽,黄仕元主编
210    @a北京@c机械工业出版社@d2006.7
215    @a260页@d26cm
300    @a高等院校学生
330    @a本书分别介绍了绪论、建筑供配电的负荷计算与无功功率补偿、变配电所及柴油发电机等内容。
606 1  @a土木工程
606 0  @a房屋建筑设备:机电设备
690    @aTU85@v4
701  0 @a段春丽,黄仕元主编
801  0 @aCN@c20110331
905    @dTU85@eD916
906    @dCNY22.00@n3@r1
    
    建筑电气/段春丽,黄仕元主编.-北京:机械工业出版社,2006.7
    260页;26cm
    高等院校学生
    
    ISBN 978-7-111-19375-3:CNY22.00
    本书分别介绍了绪论、建筑供配电的负荷计算与无功功率补偿、变配电所及柴油发电机等内容。
●
相关链接 在E读中查询图书 在当当中查询图书 在豆瓣中查询图书


正题名:建筑电气     索取号:TU85/D916         预约/预借

序号 登录号 条形码 馆藏地/架位号 状态 备注
1 230111   202301115   自科二线404/404自科库 4排3列4层/ [索取号:TU85/D916] 在馆    
2 230112   202301124   建筑库201/201建筑库 53排1列3层/ [索取号:TU85/D916] 在馆    
3 230113   202301133   自科二线404/404自科库 4排3列5层/ [索取号:TU85/D916] 在馆    
4 464141   204641414   能源与建筑环境工程学院资料室/404自科库 1排5列6层/ [索取号:TU85/D916] 在馆    
5 464142   204641423   能源与建筑环境工程学院资料室/404自科库 1排5列6层/ [索取号:TU85/D916] 在馆    
6 464143   204641432   建筑库201/101建筑库 1排2列1层/ [索取号:TU85/D916] 在馆    
7 464761   204647613   能源与建筑环境工程学院资料室/404自科库 1排5列6层/ [索取号:TU85/D916] 在馆    
8 464762   204647622   能源与建筑环境工程学院资料室/404自科库 1排5列6层/ [索取号:TU85/D916] 在馆    
9 464763   204647631   建筑库201/101建筑库 1排2列1层/ [索取号:TU85/D916] 在馆    
10 464764   204647640   能源与建筑环境工程学院资料室/404自科库 1排5列6层/ [索取号:TU85/D916] 在馆    
11 464765   204647659   建筑库201/101建筑库 1排2列1层/ [索取号:TU85/D916] 在馆    
12 464766   204647668   建筑库201/101建筑库 1排2列1层/ [索取号:TU85/D916] 在馆    
13 464767   204647677   能源与建筑环境工程学院资料室/404自科库 1排5列6层/ [索取号:TU85/D916] 在馆    
14 487950   204879505   自科二线404/404自科库 17排3列2层/ [索取号:TU85/D916] 在馆    
15 496619   204966199   能源与建筑环境工程学院资料室/ [索取号:TU85/D916] 在馆    
河南城建学院图书馆 欢迎您!
大连网信软件有限公司© 版权所有